| 000 | 00461nam a2200145 a 4500 | ||
|---|---|---|---|
| 001 | 000045615 | ||
| 005 | 20201002052340.0 | ||
| 008 | 150416s1979 dr 000 0 spa d | ||
| 040 |
_aDO-SdBNP _bspa _cBNPHU |
||
| 082 |
_axxxxx _bxxxxx |
||
| 110 | 1 |
_aRepública Dominicana _bOficina Nacional de Presupuesto _910981 |
|
| 245 | 1 | 0 | _aClasificación por objeto de gastos. |
| 260 |
_aSanto Domingo : _bOficina Nacional de Presupuesto, _c1979. |
||
| 300 |
_a66 p. ; _c21 cm. |
||
| 999 |
_c45104 _d45104 |
||